|
|
|
|
| LEADER |
00000nam0a2200000 4500 |
| 001 |
213013 |
| 005 |
20231101225808.0 |
| 010 |
|
|
|a 0582218608
|
| 035 |
|
|
|a (RuTPU)RU\TPU\book\232765
|
| 035 |
|
|
|a RU\TPU\book\12254
|
| 090 |
|
|
|a 213013
|
| 100 |
|
|
|a 20120405d1999 m y0engy50 ba
|
| 101 |
0 |
|
|a eng
|
| 102 |
|
|
|a GB
|
| 105 |
|
|
|a y e 000zy
|
| 200 |
1 |
|
|a Right Word. Wrong Word
|e Words and structures confused and misused by learners of English
|f L. G. Alexander
|
| 205 |
|
|
|a 6th ed.
|
| 210 |
|
|
|c Longman
|d 1999
|a Harlow
|
| 215 |
|
|
|a 308 p.
|
| 606 |
1 |
|
|a Английский язык
|x Учебные руководства и пособия
|x Пособия по развитию речи, разговорники
|2 stltpush
|3 (RuTPU)RU\TPU\subj\29074
|9 52486
|
| 610 |
1 |
|
|a лексикология
|
| 610 |
1 |
|
|a лексикография
|
| 610 |
1 |
|
|a толковые словари
|
| 610 |
1 |
|
|a терминологические словари
|
| 610 |
1 |
|
|a грамматические трудности
|
| 610 |
1 |
|
|a разговорная лексика
|
| 610 |
1 |
|
|a разговорная речь
|
| 610 |
1 |
|
|a разговорные темы
|
| 610 |
1 |
|
|a слова
|
| 610 |
1 |
|
|a употребление
|
| 610 |
1 |
|
|a толкование
|
| 686 |
|
|
|a Ш143.21-923.4
|v LBC/SL-A
|2 rubbk
|
| 700 |
|
1 |
|a Alexander
|b L. G.
|
| 801 |
|
0 |
|a RU
|b 63413507
|c 20011209
|g PSBO
|
| 801 |
|
2 |
|a RU
|b 63413507
|c 20120416
|g PSBO
|
| 942 |
|
|
|c BK
|